| 000 | 00599nam a22002057a 4500 | ||
|---|---|---|---|
| 008 | 190310b xxu||||| |||| 00| 0 eng d | ||
| 020 | _a978-0-674-73477-7 | ||
| 082 |
_a809 _bM891f |
||
| 100 | _aMufti, Aamir R. | ||
| 245 | _aForget English! orientalisms and world literature.- | ||
| 260 |
_aLondon: _bHarvard University Press, _c2016 |
||
| 300 | _bxii, 292p. | ||
| 504 | _aBibliography: p. 255-278 | ||
| 650 | _aEnglish literature | ||
| 650 |
_aIntellectual life _912465 |
||
| 650 | _aOriental literature | ||
| 650 | _aLiterary criticism | ||
| 650 | _aLiterary history | ||
| 942 |
_2ddc _cGEN |
||
| 999 |
_c84364 _d84353 |
||